[Event "Quebec Montcalm op 5 2016-17"]
[Site "Quebec"]
[Date "2017.03.02"]
[Round "3"]
[White "Lapierre, Gaetan"]
[Black "Dube, Daniel"]
[Result "1/2-1/2"]
[WhiteElo "1957"]
[BlackElo "1851"]
[PlyCount "152"]
[EventDate "2017.02.16"]
[EventType "swiss"]
[EventRounds "5"]
[EventCountry "CAN"]
[SourceTitle "EXT 2022"]
[Source "ChessBase"]
[SourceDate "2021.10.06"]
[SourceVersion "1"]
[SourceVersionDate "2021.10.06"]
[SourceQuality "1"]

1. d4 Nf6 2. c4 e6 3. Nc3 Bb4 4. Bd2 c5 5. e3 0-0 6. a3 Bxc3 7. Bxc3 cxd4 8. Qxd4 Nc6 9. Qh4 d5 10. Bxf6 Qxf6 11. Qxf6 gxf6 12. cxd5 exd5 13. Nf3 Be6 14. Be2 Rfd8 15. Nd4 Nxd4 16. exd4 Rac8 17. Kd2 Rc6 18. Rhc1 Rdc8 19. Rxc6 Rxc6 20. Rc1 Rxc1 21. Kxc1 Kf8 22. Kd2 Ke7 23. Ke3 Kf8 24. Kf4 Kg7 25. h4 h6 26. h5 Kf8 27. Bd3 Ke7 28. g4 Kf8 29. Kg3 Kg7 30. f4 Bd7 31. Kh4 Bc8 32. Kg3 Bd7 33. Kf3 Bc8 34. Be2 Bd7 35. Kg3 Bc6 36. Kh4 Bd7 37. Bf3 Bc6 38. Kg3 Kh7 39. Kf2 Kg7 40. Ke3 b6 41. Kd2 a6 42. a4 a5 43. b3 Kf8 44. Kc3 Kg7 45. Kd2 Kg8 46. Ke3 Kg7 47. Kf2 Kf8 48. Kg3 Kg8 49. Kh4 Kg7 50. g5 fxg5+ 51. fxg5 hxg5+ 52. Kxg5 f6+ 53. Kh4 Bb7 54. Bg4 Kh6 55. Be6 Bc6 56. Kg4 Bb7 57. Kf5 Kxh5 58. Kxf6 Bc6 59. Ke5 b5 60. axb5 Bxb5 61. Bxd5 a4 62. bxa4 Bxa4 63. Bf7+ Kg5 64. d5 Bb3 65. d6 Ba4 66. Ke6 Kf4 67. Ke7 Ke5 68. Be6 Bb5 69. Bd7 Bd3 70. Be8 Bf5 71. Bg6 Be6 72. Bd3 Bg4 73. Bc4 Bf5 74. Bb5 Bg4 75. Bd7 Be2 76. Be6 Bb5 1/2-1/2